000 01278nam a2200277 a 4500
001 43789
003 BD-RjUL
005 20211209053743.0
008 160627s1963 nyuab b i100 0 eng d
035 _a(BD-RjUL)43907
040 _aFWA
_cFWA
_dOCL
_dXQM
_dNLGGC
_dBD-RjUL
_beng
041 _aeng
082 _223
_a333.91
_bDEV 1963
111 2 _aRegional Seminar on the Development of Groundwater Resources with Special Reference to Deltaic Areas
_d(1962 :
_cBangkok, Thailand)
_9134593
245 1 4 _aThe development of groundwater resources with special reference to deltaic areas :
_b(transactions of the Regional Seminar ... held at Bangkok, Thailand, from 24 April to 8 May 1962) /
260 _aNew York :
_bUnited Nations,
_c1963.
300 _aviii, 244 p. :
_bill. ;
_c28 cm.
490 1 _aWater resources series ;
_vno. 24
500 _a"United Nations Publication. Sales no. 64.II.F.5."
500 _a"Convened jointly by ECAFE, UNESCO and the United Nations Bureau of Technical Assistance Operations."
504 _aIncludes bibliographical references.
650 0 _aWater resources development.
_9134591
710 2 _aUnited Nations.
_bEconomic Commission for Asia and the Far East.
_9134592
830 0 _aWater resources series
_vno.24
_9134468
942 _2ddc
_cBK
999 _c43789
_d43789